000 00728nam a22002657a 4500
001 21108
003 UA-OsUOA
005 20210505083038.0
007 ta
008 20031117b un ||||| |||| 00| 0 ukr d
020 _a5-12-003351-2
040 _aUA-OsUOA
_bukr
_cUA-OsUOA
_dUA-OsUOA
041 _aukr
044 _aUA
080 _a947(477)
090 _a947(477)
_bС38
100 _aСинявський А.
245 _aВибрані праці
260 _aК.
_bНаукова думка
_c1993
300 _a384 с.
650 7 _a9 Географія. Біографії. Історія
_2UDC
942 _cBK
_2udc
955 _a1
999 _c307301
_d307301